| 000 | 00825nam a2200313 4500 | ||
|---|---|---|---|
| 001 | 0881978 | ||
| 003 | DO-SdBNP | ||
| 005 | 20180222153102.0 | ||
| 007 | 0881978 | ||
| 008 | 900725s1982 sp spa | ||
| 016 | 7 |
_a _2BPMSU |
|
| 017 |
_a _b |
||
| 020 |
_a8403461062 _c |
||
| 035 | _a | ||
| 035 | _a | ||
| 040 |
_aBPMSU _bspa _cBPMSU |
||
| 080 | 0 | _a | |
| 100 | 1 |
_aFortún, Elena _d1886-1952 |
|
| 245 | 1 | 0 |
_aMatonkiki y sus hermanas / _h _cElena Fortún ; ilustraciones de Fuente |
| 250 | _a10ª ed. | ||
| 260 |
_aMadrid _bAguilar _c1981 |
||
| 300 |
_a202 p. : _bil. ; _c18 cm |
||
| 490 | 0 |
_aColección Celia y su mundo _v2 |
|
| 700 | 1 |
_aFuente, R. _eil. |
|
| 830 |
_a Celia y su mundo _v2 |
||
| 942 |
_2ddc _cBK |
||
| 945 | _aInventariado, 2018 / BT | ||
| 956 |
_aVMATEO _210 _320160469 _6BPMSU _80069 |
||
| 999 |
_c9759 _d9759 |
||